Responses for show #6280 - Friday, December 30, 2011

Dave Leach game 2.

Contestants

[<< previous game]

Tom Vanderbilt, a writer from Brooklyn, New York

Lisa Spardel-Krol, an educational marketer from Watertown, Massachusetts

Dave Leach, a software analyst from Atlanta, Georgia (whose 1-day cash winnings total $15,599)

[next game >>]

Jeopardy! Round responses

THE 1820s
COMPLETE THE MOVIE QUOTE
"A"NATOMY
THE MOST EXPENSIVE EVER
MUSEUMS OF GERMANY
SILENT LETTERS
    $200 21
an accordion

Dave
    $200 11
make my day

Dave
    $200 1
the Adam's apple

Dave
    $200 16
drums

Dave
    $200 22
Neanderthal

Tom
    $200 6
a wrestler

Lisa
    $400 27
matches

Dave
    $400 12
never having to say you're sorry

Dave
    $400 2
the alimentary

Tom
    $400 17
a fountain pen

Tom
    $400 23
Fabergé

Lisa
    $400 7
rhapsody

Triple Stumper
    $600 28
(Noah) Webster

Dave
    $600 13
what she's having

Dave
    $600 3
arteries

Dave
    $600 18
a domain name

Dave
    $600 24
Nefertiti

Lisa
    $600 8
fuchsia

Dave
    $800 29
the Rosetta Stone

Dave
    $800 14
hungry again

Dave
    $800 4
the abdomen

Dave
    $800 19
(Alex: The silent one.)

Ben-Hur

Tom
    $1,000 25
(Lisa: Uh, who is Nuremberg?)

Gutenberg

Lisa
    $800 9
(Dave: What is marquis?)

viscount

Dave
Triple Stumper
    $1000 30
[Dave gave the response without the definite article.]

The Lancet

Dave
    $1000 15
bumpy night

Dave
    $1000 5
alveoli

Dave
    $1000 20
the B-2

Tom
    $1000 26
Munich

Lisa
    $1000 10
(Lisa: Who is Harry Crumb?)

Robert Crumb (or R. Crumb)

LisaTom

Scores at the first commercial break (after clue 15):

Dave Lisa Tom
$5,400 -$800 $1,400

Scores at the end of the Jeopardy! Round:

Dave Lisa Tom
$9,200 $200 $3,800

Double Jeopardy! Round responses

NATIONAL PARKS OF THE WORLD
BRITISH NOVELS BY CHARACTERS
(Alex: We'll give you the characters.)
"RE"SEARCH
(Alex: Each correct response will begin with "R-E".)
THINK OF THE CHILDREN!
AT BAT
ON DECK
    $400 3
(Abel) Tasman

Dave
    $400 22
Heart of Darkness

Tom
    $400 9
reincarnation

Dave
    $400 1
(Alex: The son of Queen Victoria? [*].)

Edward

Triple Stumper
    $400 14
a switch-hitter

Tom
    $400 4
(Dave: Ooh. What is the command deck?)
(Tom: Forequarters? What is forequarters?)

the quarterdeck

DaveTom
Triple Stumper
    $800 20
(Alex: And in South Africa, that colorful river is [*]--makes sense.)

the Orange River

Triple Stumper
    $800 23
Ivanhoe

Triple Stumper
    $800 10
regrets

Dave
    $800 2
Robert Todd Lincoln

Triple Stumper
    $800 15
a checked swing

Dave
    $800 5
the flight deck

Tom
    $3,000 21
(Alex: You got it, and you're at $21,800, and we have about a minute to go.)

Greenland

Dave
    $1200 24
Brideshead Revisited

Triple Stumper
    $1200 11
reverberation

Dave
    $1200 19
Shem & Ham

Dave
    $1200 16
the batter's box

Dave
    $4,200 6
(Tom: Uh, um... what is the lido deck?)

the promenade deck

Tom
    $1600 12
a repeater

Tom
    $1600 17
foul balls

Lisa
    $1600 7
(Alex: You can say it as [*].)

forecastle (or fo'c's'le)

Triple Stumper
    $2000 26
Killarney National Park

Triple Stumper
    $2000 25
(Dave: What is Vanity Fair?)

Pilgrim's Progress

Dave
Triple Stumper
    $2000 13
remittances

Dave
    $2000 18
(Tom: Who is Ty Cobb?)

Stan "The Man" Musial

Tom
Triple Stumper
    $2000 8
(Alex: That's the second correct response in Double Jeopardy! so far. We're on a roll.)

the gun deck

Dave

Scores at the end of the Double Jeopardy! Round:

Dave Lisa Tom
$19,800 $1,800 $400
(lock game)

[wagering suggestions for these scores]

Final Jeopardy! Round responses

ROCK ICONS
(Alex: [Revealing Tom's response] No, Michael Jackson is incorrect if that's the one you were referring to.)
...
(Alex: Born in the U.S.A. was the album.)
TomWho is Jackson
$400
LisaWho is Prince?
$10
DaveWho is Prince?
$716
Bruce Springsteen

Final scores:

Dave Lisa Tom
$19,084 $1,790 $0
2-day champion: $34,683 2nd place: $2,000 3rd place: $1,000

Game dynamics:

Coryat scores:

Dave Lisa Tom
$18,000 $2,800 $4,600
27 R
(including 1 DD),
3 W
5 R,
2 W
(including 1 DD)
10 R,
3 W
(including 1 DD)

Combined Coryat: $25,400

The J! Archive is created by fans, for fans. The Jeopardy! game show and all elements thereof, including but not limited to copyright and trademark thereto, are the property of Jeopardy Productions, Inc. and are protected under law. This website is not affiliated with, sponsored by, or operated by Jeopardy Productions, Inc. Join the discussion at JBoard.tv.